000 00396nas a2200169 a 4500
001 160239
003 255013
005 20201118123639.0
008 171221e2017 ck ||||||||| 000 0 spa d
041 _aspa
245 0 _aRevista Semana - No.1859 (17-24 dic. 2017)
260 _aBogotá :
_c2017.
562 _e11
773 _016112
_aSemana
942 _cSISS
999 _c160239
_d160239